=LDR 00000nam 2200000 4500 =001 INLIS000000000046599 =005 20150413155829.0 =006 =007 =008 =035 ##$$0010-041500000000081 =082 ##$$a F ROM K =090 ##$$a F ROM K ANG A.3 =100 ##$$a ANGSA EMAS =245 ##$$a DENGENG ANIMASI =260 ##$$a BHUJANA ILMU POPULER =300 ##$$a HLM. 52 =850 ##$$a NPBMAT